Statistics for United Airlines Fleet Quiz

Click here to take the quiz!

General Stats

  • This quiz has been taken 124 times
  • The average score is 13 of 17

Answer Stats

ManufacturerPlane% Correct
BoeingBoeing 737-700
96%
BoeingBoeing 777-200
92%
BoeingBoeing 737-800
87%
BoeingBoeing 777-300ER
86%
BoeingBoeing 787-9
86%
BoeingBoeing 787-8
84%
BoeingBoeing 737-900
82%
BoeingBoeing 757-200
82%
BoeingBoeing 787-10
82%
BoeingBoeing 757-300
80%
BoeingBoeing 777-200ER
80%
AirbusAirbus A320-200
76%
BoeingBoeing 767-300ER
74%
AirbusAirbus A319-100
71%
BoeingBoeing 767-400ER
67%
BoeingBoeing 737-900ER
63%
BoeingBoeing 737 MAX 9
55%

Score Distribution

Percentile by Number Answered

Percent of People with Each Score

Your Score History

You have not taken this quiz